|
|
|
|
| LEADER |
00000nam a2200000 i 4500 |
| 001 |
1/75459 |
| 008 |
960517s1987 gre d |
| 035 |
|
|
|a 1989
|b 2
|c Δωρεά
|l 10032131
|
| 040 |
|
|
|a GR-MY-UA
|b gre
|e aacr
|
| 041 |
0 |
|
|a gre
|
| 082 |
0 |
|
|a 372.8
|
| 100 |
1 |
|
|a Γρηγοριάδης, Κωνσταντίνος Σ.
|
| 245 |
1 |
0 |
|a Ευαγγελικές περικοπές :
|b ΣΤ δημοτικού /
|c Κωνσταντίνου Σοφ. Γρηγοριάδη
|
| 260 |
|
|
|a Αθήνα :
|b [χ.ό.],
|c 1987
|
| 300 |
|
|
|a 203 σ.
|
| 650 |
0 |
0 |
|a Church history
|x Study and teaching (Elementary)
|z Greece.
|
| 852 |
|
|
|a INST
|b RHODES
|e 19960517
|h 372.8 ΓΡΗ
|p 005400000716
|q 005400000716
|t BK
|y 0
|
| 852 |
|
|
|a INST
|b RHODES
|e 19960517
|h 372.8 ΓΡΗ
|p 005400000717
|q 005400000717
|t BK
|y 620
|
| 852 |
|
|
|a INST
|b RHODES
|e 19960517
|h 372.8 ΓΡΗ
|p 005400000718
|q 005400000718
|t BK
|y 620
|
| 909 |
|
|
|a Ρ
|b 014137
|c 1989
|
| 909 |
|
|
|a Ρ
|b 014136
|c 1989
|
| 909 |
|
|
|a Ρ
|b 014135
|c 1989
|